| 000 | 01459nam a2200229Ia 4500 | ||
|---|---|---|---|
| 003 | OSt | ||
| 005 | 20210727233011.0 | ||
| 008 | 210310s1996 ck fr 000 0 spa d | ||
| 040 |
_aCO-JMCR _cCO-JMCR |
||
| 041 | 0 |
_aspa _aeng |
|
| 082 | 0 | 4 |
_a332.67314 / _bD419p _223 |
| 110 | 2 |
_aColombia. _bDepartamento Nacional de Planeación _938809 |
|
| 245 | 1 | 0 |
_aParticipación del sector privado en proyectos de infraestructura : _bgerencia de participación privada en infraestructura / _cDepartamento Nacional de Planeación |
| 260 |
_aBogotá : _bDepartamento Nacional de Planeación, _c1996 |
||
| 300 |
_a61 páginas ; _c28 cm. |
||
| 500 | _aTítulo en inglés: Private sector participation in infrastructure projects : private participation in physical infrastructure group | ||
| 505 | 0 | _aRequerimientos de infraestructura física en Colombia -- Prioridad asignada al desarrollo de la infraestructura física en Colombia -- Objetivos de la participación privada en proyectos de infraestructura -- Modalidades de participación privada -- El entorno para la participación privada -- Las políticas de participación privada -- Estructuración y promoción de los proyectos de infraestructura -- La coordinación del programa de participación privada -- La gerencia de participación privada | |
| 546 | _aTexto bilingüe: Español-Inglés | ||
| 650 | 1 | 4 |
_aServicios públicos _916461 _xPlanificación |
| 650 | 2 | 4 |
_aParticipación social _938810 |
| 942 |
_2ddc _cBK |
||
| 999 |
_c8145 _d8145 |
||